[Event "FIDE Women's World Teams"]
[Site "Astana KAZ"]
[Date "2013.03.04"]
[Round "2.2"]
[White "Bulmaga,I"]
[Black "Muzychuk,M"]
[Result "1/2-1/2"]
[WhiteElo "2354"]
[BlackElo "2479"]
[EventDate "2013.03.03"]

1. e4 c5 2. Nf3 a6 3. c3 d5 4. exd5 Qxd5 5. d4 Nf6 6. Be2 e6 7. O-O cxd4 8. cxd4
Nc6 9. Nc3 Qd6 10. Bg5 Be7 11. Qd2 O-O 12. Bxf6 Bxf6 13. Ne4 Qe7 14. Nxf6+ Qxf6
15. Rad1 b5 16. Bd3 Bb7 17. Be4 Rfd8 18. Qe3 Qe7 19. d5 exd5 20. Bxd5 Qxe3 21.
fxe3 Na5 22. Bxb7 Nxb7 23. Rxd8+ Rxd8 24. Rc1 g6 25. Rc7 Rd1+ 26. Kf2 Nd6 27.
Rc6 Ne4+ 28. Ke2 Rb1 29. Kd3 f5 30. Rc2 Kg7 31. Ke2 Kf6 32. Nd4 Rg1 33. Kd3 Rd1+
34. Ke2 Rg1 35. Kd3 Rd1+ 36. Ke2 Ke5 1/2-1/2